000 01128nam a2200301Ia 4500
005 20240704072119.0
008 130821s2002 sp gr spa
020 _a8425412056
040 _aCo-BoUCM
_bspa
_cSandra Palacio (modificó)
_dSandra Palacio (modificó)
041 0 0 _aspa
060 _aWM 307.C6
100 1 _aWatzlawick, Paul
_d1921-2007
_978550
245 1 0 _aTeoría de la comunicación humana interacciones, patologías y paradojas
_cPaul Watzlawick, Janet Beavin Bavelas, Don D. Jackson
250 _a12a. ed.
260 _aBarcelona (España)
_bHerder
_c2002
300 _a262 páginas
650 0 4 _aComunicación interpersonal
_911376
650 0 4 _aComunicación patológica
_9181599
650 0 4 _aPsicopatología
_922865
650 0 4 _aSociología
_9386
650 0 4 _aComunicación
_xAspectos psicológicos
_9179927
650 0 4 _aInteracción humana
_9181600
650 0 4 _aComunicación paradójica
_9181601
700 1 _aBeavin Bavelas, Janet
_9181602
700 1 _aJackson, Don D.
_9147839
765 _aPragmatics of human communication
942 _cLIBRO
_2NLM
_a9
_e1
_hWM 307.C6
_mW353t
_n0
999 _c47771
_d47771